Statistics for Germany Squad FIFA World Cup 1994 Football / Soccer

Click here to take the quiz!

General Stats

  • This quiz has been taken 209 times
    (197 since last reset)
  • The average score is 14 of 23

Answer Stats

Pos.TeamAnswer% Correct
FWTottenham HotspurJürgen Klinsmann
92%
GKFC Bayern MünchenOliver Kahn
88%
DFFC Bayern MünchenLothar Matthäus
83%
FWBayer 04 LeverkusenRudi Völler
83%
GKEintracht FrankfurtAndreas Köpke
78%
MFBorussia DortmundAndreas Möller
73%
GK1.FC KölnBodo Illgner
71%
DFJuventus TurinJürgen Kohler
71%
MFBorussia M´GladbachStefan Effenberg
68%
MFKarlsruher SCThomas Häßler
68%
MFBorussia DortmundMatthias Sammer
67%
DF1.FC KaiserslauternAndreas Brehme
63%
FWBorussia DortmundKarlheinz Riedle
63%
FWBayer 04 LeverkusenUlf Kirsten
59%
-TeamchefBerti Vogts
57%
MFUrawa Red DiamondsGuido Buchwald
54%
DFFC Bayern MünchenThomas Helmer
52%
FW1.FC KaiserslauternStefan Kuntz
44%
MFWerder BremenMario Basler
43%
DFVfB StuttgartThomas Berthold
38%
MFVfB StuttgartThomas Strunz
30%
MFEintracht FrankfurtMaurizio Gaudino
29%
MF1.FC KaiserslauternMartin Wagner
20%

Score Distribution

Percentile by Number Answered

Percent of People with Each Score

Your Score History

You have not taken this quiz since the last reset